[Event "Thailand Team op"]
[Site "Bangkok"]
[Date "2022.12.07"]
[Round "9.2"]
[White "Wiwatanadate, Poompong"]
[Black "Klausen, Torbjorn"]
[Result "1-0"]
[WhiteElo "2037"]
[BlackElo "1845"]
[PlyCount "93"]
[EventDate "2022.12.03"]
[EventType "team-swiss"]
[EventRounds "9"]
[EventCountry "THA"]
[SourceTitle "CBM 211 Extra"]
[Source "ChessBase"]
[SourceDate "2023.01.31"]
[SourceVersion "1"]
[SourceVersionDate "2023.01.31"]
[SourceQuality "1"]
[WhiteTeam "Big Rook c5"]
[BlackTeam "Pattaya Shark"]
[WhiteTeamCountry "THA"]
[BlackTeamCountry "THA"]

1. Nf3 Nf6 2. c4 c5 3. e3 e6 4. d4 d5 5. Nc3 cxd4 6. Nxd4 Be7 7. cxd5 exd5 8. Bb5+ Bd7 9. Be2 Nc6 10. 0-0 0-0 11. Bf3 Be6 12. b3 Rc8 13. Bb2 Ne5 14. Be2 Qa5 15. Nxe6 fxe6 16. Nb5 Nf7 17. Nd4 e5 18. Nf5 Ba3 19. Bxa3 Qxa3 20. Bg4 Rc7 21. f4 Rd8 22. Bh3 Qc5 23. fxe5 Nxe5 24. Nd4 Re7 25. Kh1 Qb6 26. Rc1 a6 27. Rf2 Ne4 28. Rfc2 Qf6 29. Bf5 g6 30. Bxe4 dxe4 31. Qe2 Rf8 32. Rc8 Ref7 33. Rxf8+ Rxf8 34. h3 Nd3 35. Rc7 Nf2+ 36. Kg1 Qe5 37. Qc4+ Kh8 38. Rf7 Nxh3+ 39. gxh3 Qg3+ 40. Kf1 Qxh3+ 41. Ke2 Qg2+ 42. Ke1 Qg1+ 43. Kd2 Qh2+ 44. Kc3 Qb8 45. Rxf8+ Qxf8 46. Ne6 Qf6+ 47. Qd4 1-0

[Event "Thailand Team op"]
[Site "Bangkok"]
[Date "2022.12.06"]
[Round "7.2"]
[White "Klausen, Torbjorn"]
[Black "Sacar, Mohamad"]
[Result "0-1"]
[WhiteElo "1845"]
[BlackElo "2066"]
[PlyCount "89"]
[EventDate "2022.12.03"]
[EventType "team-swiss"]
[EventRounds "9"]
[EventCountry "THA"]
[SourceTitle "CBM 211 Extra"]
[Source "ChessBase"]
[SourceDate "2023.01.31"]
[SourceVersion "1"]
[SourceVersionDate "2023.01.31"]
[SourceQuality "1"]
[WhiteTeam "Pattaya Shark"]
[BlackTeam "Double Bishop"]
[WhiteTeamCountry "THA"]
[BlackTeamCountry "THA"]

1. e4 c5 2. Nc3 a6 3. a4 Nc6 4. Bc4 e6 5. f4 Nge7 6. d3 g6 7. Nf3 Bg7 8. 0-0 d5 9. Bb3 b6 10. Qe1 Bb7 11. Qh4 Nd4 12. e5 Nxb3 13. cxb3 Nc6 14. Qf2 Na5 15. Qc2 0-0 16. Bd2 Rc8 17. Rad1 Nc6 18. Ne2 a5 19. Rfe1 Qe7 20. Bc3 Rfd8 21. h3 Ba6 22. Nc1 Qb7 23. Kh2 b5 24. Bd2 bxa4 25. bxa4 Nb4 26. Bxb4 Qxb4 27. g3 Rb8 28. b3 Bf8 29. Kg2 Be7 30. h4 h5 31. Re2 Rdc8 32. Qd2 c4 33. dxc4 dxc4 34. bxc4 Bxc4 35. Qxb4 axb4 36. Rb2 Bd5 37. Ne2 b3 38. Ra1 Rc2 39. Rxc2 bxc2 40. Ned4 Be4 41. Rc1 Rc8 42. Ne2 Ba3 43. Re1 Rd8 44. Ra1 Rd3 45. Neg1 0-1

[Event "NOR-chT West Nord 0910"]
[Site "Norway"]
[Date "2010.02.13"]
[Round "4"]
[White "Nordnes, Tor Gunnar"]
[Black "Klausen, Torbjorn"]
[Result "1/2-1/2"]
[WhiteElo "1626"]
[BlackElo "1600"]
[PlyCount "118"]
[EventDate "2009.11.08"]
[EventType "team-tourn"]
[EventRounds "5"]
[EventCountry "NOR"]
[SourceTitle "EXT 2012"]
[Source "ChessBase"]
[SourceDate "2011.11.24"]
[SourceVersion "1"]
[SourceVersionDate "2011.11.24"]
[SourceQuality "1"]

1. d4 d5 2. Nf3 Nf6 3. c4 dxc4 4. Nc3 Bf5 5. Qa4+ c6 6. Qxc4 e6 7. Bg5 Be7 8. e3 h6 9. Bh4 0-0 10. Be2 Nbd7 11. 0-0 Re8 12. Rfd1 Qa5 13. Bd3 Bg4 14. Bg3 Nh5 15. Rd2 Nxg3 16. hxg3 Bxf3 17. gxf3 Nf6 18. a3 Rad8 19. b4 Qc7 20. Rad1 a6 21. Ne4 Nxe4 22. Bxe4 Bd6 23. f4 Qe7 24. Kg2 Rd7 25. Qe2 f5 26. Bb1 Qf6 27. Rh1 Qg6 28. e4 Bb8 29. Re1 Red8 30. exf5 exf5 31. Qe6+ Qxe6 32. Rxe6 Rf8 33. Rde2 Ba7 34. Ba2 Kh7 35. Re7 Rxe7 36. Rxe7 Bxd4 37. Rxb7 Re8 38. Bb1 Kg6 39. g4 Re2 40. Bxf5+ Kf6 41. Rd7 c5 42. Rd6+ Ke7 43. bxc5 Bxc5 44. Rxa6 Rxf2+ 45. Kg3 Re2 46. a4 Re3+ 47. Kh4 Rf3 48. Kh5 Rxf4 49. Re6+ Kf7 50. Rc6 Bf2 51. Bg6+ Ke7 52. Rc7+ Kf8 53. a5 Rf3 54. Bf5 Ra3 55. Kg6 Bd4 56. Rd7 Bf6 57. Ra7 Bd4 58. Ra8+ Ke7 59. a6 Ra5 1/2-1/2